Central Library OPAC University of Rajshahi

Depositional sedimentary environments : (Record no. 10017)

MARC details
000 -LEADER
fixed length control field 01053cam a2200325 i 4500
001 - CONTROL NUMBER
control field 10017
003 - CONTROL NUMBER IDENTIFIER
rucl marc code BD-RjUL
005 - DATE AND TIME OF LATEST TRANSACTION
control field 20211208234859.0
008 - FIXED-LENGTH DATA ELEMENTS--GENERAL INFORMATION
fixed length control field 151215s1980 gw a b 001 0 eng
020 ## - INTERNATIONAL STANDARD BOOK NUMBER
International Standard Book Number 3540101896 (Berlin)
International Standard Book Number 0387101896 (New York)
035 ## - SYSTEM CONTROL NUMBER
System control number 1826785
040 ## - CATALOGING SOURCE
Original cataloging agency DLC
Transcribing agency DLC
Modifying agency DLC
-- BD-RjUL
Language of cataloging eng
041 ## - LANGUAGE CODE
Language code of text/sound track or separate title eng
082 00 - DEWEY DECIMAL CLASSIFICATION NUMBER
Classification number 551.303
Edition number 19
Author mark and year RED 1980
100 10 - MAIN ENTRY--PERSONAL NAME
Personal name Reineck, Hans-Erich.
9 (RLIN) 118812
245 10 - TITLE STATEMENT
Title Depositional sedimentary environments :
Remainder of title with reference to terrigenous clastics /
Statement of responsibility, etc. H.-E. Reineck, I. B. Singh.
250 ## - EDITION STATEMENT
Edition statement 2nd, rev. and updated ed.
260 ## - PUBLICATION, DISTRIBUTION, ETC. (IMPRINT)
Place of publication, distribution, etc. Berlin :
Name of publisher, distributor, etc. Springer-Verlag,
Date of publication, distribution, etc. 1980.
300 ## - PHYSICAL DESCRIPTION
Pagination xix, 549 p. :
Illustrations ill. ;
Size 27 cm.
500 ## - GENERAL NOTE
General note "Springer study edition."
504 ## - BIBLIOGRAPHY, ETC. NOTE
Bibliography, etc Bibliography (p. [505]-542) and index.
650 #0 - SUBJECT ADDED ENTRY--TOPICAL TERM
Topical term or geographic name as entry element Sedimentary rocks.
9 (RLIN) 118809
Topical term or geographic name as entry element Sedimentary structures.
9 (RLIN) 118813
Topical term or geographic name as entry element Sediments (Geology)
9 (RLIN) 118814
700 1# - ADDED ENTRY--PERSONAL NAME
Personal name Singh, I. B.
Fuller form of name (Indra Bir)
942 ## - ADDED ENTRY ELEMENTS (KOHA)
Source of classification or shelving scheme Dewey Decimal Classification
Koha item type Books
Holdings
Lost status Source of classification or shelving scheme Damaged status Not for loan Collection code Permanent Location Current Location Shelving location Date acquired Source of acquisition Cost, normal purchase price Total Checkouts Full call number Date last seen Date checked out Copy number Koha item type
  Dewey Decimal Classification     Non-fiction Central Library, University of Rajshahi Central Library, University of Rajshahi   26/01/1986 Tappon Co. 27.60 4 551.303 RED 1980 20/02/2017 28/01/2017 C-2 Books